Größte europäische Sprachen auf einer Karte - Statistiken

Allgemein
  • Dieses Quiz wurde 1.879 mal gespielt
  • Das Durchschnittsergebnis liegt bei 30 aus 43
Antworten auf der Karte
Die Antworten werden auf der Karte rot bzw. grün angezeigt, abhängig davon wie oft sie richtig erraten wurden.
 
Antwortstatistiken
Sprecher Sprachen % Korrekt
97 Mio. Deutsch
97%
60 Mio. Englisch
96%
38 Mio. Spanisch
96%
66 Mio. Französisch
95%
65 Mio. Italienisch
95%
106 Mio. Russisch
95%
5.4 Mio. Finnisch
93%
4.7 Mio. Norwegisch
93%
39 Mio. Polnisch
93%
9.1 Mio. Schwedisch
93%
5.5 Mio. Dänisch
92%
10 Mio. Tschechisch
91%
11 Mio. Griechisch
90%
22 Mio. Niederländisch
90%
32 Mio. Ukrainisch
90%
5.6 Mio. Kroatisch
87%
10 Mio. Portugiesisch
86%
24 Mio. Rumänisch
86%
9.0 Mio. Serbisch
85%
13 Mio. Ungarisch
85%
7.8 Mio. Bulgarisch
84%
1.7 Mio. Lettisch
83%
5.4 Mio. Albanisch
82%
5.2 Mio. Slowakisch
82%
2.1 Mio. Slowenisch
82%
12 Mio. Türkisch
81%
2.5 Mio. Bosnisch
80%
3.0 Mio. Litauisch
78%
3.3 Mio. Weißrussisch
74%
1.4 Mio. Mazedonisch
64%
4.0 Mio. Katalanisch
61%
1.1 Mio. Estnisch
60%
4.7 Mio. Sizilianisch
59%
1.2 Mio. Sardisch
43%
1.0 Mio. Kasachisch
30%
5.7 Mio. Neapolitanisch
24%
3.8 Mio. Venetisch
22%
2.4 Mio. Galizisch
19%
3.6 Mio. Lombardisch
14%
1.4 Mio. Tschetschenisch
14%
1.5 Mio. Romani
10%
1.6 Mio. Piemontesisch
7%
1.1 Mio. Tschuwaschisch
5%
Keine übereinstimmenden Quizze gefunden
Verteilung der Resultate
Anzahl Personen mit jedem Resultat
Perzentil nach korrekt beantworteten Fragen
Ihre Resultats-Entwicklung
Sie haben dieses Quiz noch nicht gespielt